| 000 | 01003cam a2200265 a 4500 | ||
|---|---|---|---|
| 999 |
_c25446 _d25446 |
||
| 001 | 16813746 | ||
| 003 | OSt | ||
| 005 | 20170131120820.0 | ||
| 008 | 110607s1961 nyu 000 0 eng | ||
| 010 | _a 2011658154 | ||
| 040 |
_aDLC _cDLC |
||
| 042 | _apcc | ||
| 050 | 0 | 0 |
_aPR2983 _b.K58 1961 |
| 100 | 1 |
_aKnight, George Wilson, _d1897- |
|
| 245 | 1 | 4 |
_aThe imperial theme : _bfurther interpretations of Shakespeare's tragedies, including the Roman plays / _cby G. Wilson Knight. |
| 260 |
_aNew York : _bBarnes & Noble, _c[1965] |
||
| 300 |
_axiii, 367 p. ; _c23 cm. |
||
| 500 |
_aLC copy in dust jacket. _5DLC |
||
| 561 | _5DLC | ||
| 600 | 1 | 0 |
_aShakespeare, William, _d1564-1616 _xTragedies. |
| 600 | 1 | 0 |
_aShakespeare, William, _d1564-1616 _xKnowledge _xRome. |
| 650 | 0 | _aImperialism in literature. | |
| 651 | 0 |
_aRome _xIn literature. |
|
| 710 | 2 |
_aRouben Mamoulian Collection (Library of Congress) _5DLC |
|
| 906 |
_a7 _bcbc _corignew _d2 _encip _f20 _gy-gencatlg |
||
| 942 |
_2lcc _cBOOKS _hPR 2983 .K55 1965 |
||